[Event "Kurgan"]
[Site "Kurgan"]
[Date "2001.??.??"]
[Round "?"]
[White "Dukov, Alexey"]
[Black "Balashov, Yuri S"]
[Result "0-1"]
[WhiteElo "2286"]
[BlackElo "2555"]
[PlyCount "74"]
[EventDate "2001.??.??"]
[EventType "tourn"]
[EventRounds "11"]
[EventCountry "RUS"]
[EventCategory "7"]
[SourceTitle "EXT 2006"]
[Source "ChessBase"]
[SourceDate "2005.11.24"]
[SourceVersion "1"]
[SourceVersionDate "2005.11.24"]
[SourceQuality "1"]

1. d4 Nf6 2. c4 c5 3. d5 g6 4. Nc3 Bg7 5. e4 0-0 6. Nf3 d6 7. Be2 e6 8. 0-0 Na6 9. Bf4 e5 10. Bd2 Ne8 11. Ne1 f5 12. f3 Bd7 13. Nd3 Nac7 14. b4 b6 15. a4 a5 16. bxa5 bxa5 17. Nb5 Na6 18. Qe1 Nb4 19. Bxb4 axb4 20. Qd2 Qe7 21. Nc1 Bf6 22. Nb3 Bg5 23. Qd3 Bc8 24. Rfd1 Nf6 25. a5 Ra6 26. Ra2 h5 27. Rf1 h4 28. Bd1 Nh5 29. Raf2 Nf4 30. Qb1 h3 31. g3 Ng2 32. f4 exf4 33. gxf4 Bxf4 34. Rxg2 Be3+ 35. Rgf2 fxe4 36. Qc2 Qg5+ 37. Kh1 Qg2+ 0-1